ห้องสมุดวิทยาลัยพยาบาลบรมราชชนนี ตรัง
Boromarajonani College Of Nursing,Trang Library
เปลี่ยนเป็นภาษาไทย

Change to English
 แสดงรายละเอียดบรรณานุกรม
  กลับหน้าหลัก

Brief Record : Get Marc (ISO 2709) : E-mail record : QR code ปิดหน้าต่าง
หนังสือใหม่ : เกี่ยวกับ Collections
LEADER 00000nam 2200000uu 4500
001    13399123914
003     BCNT
008    260701s||||||||th 000 0 tha d
020    9786166234183
040    BCNT
050  4 WY157 น728ก 2568
060  4 WY157 น728ก 2568
100 0  ^aนุชรีย์ แสงสว่าง.
245 1   ^aการพยาบาลมารดาในระยะหลังคลอดและการเลี้ยงลูกด้วยนมแม่ =^bNursing care for mothers in the postpartum period and breastfeeding /^cนุชรีย์ แสงสว่าง.
246 3   ^aNursing care for mothers in the postpartum period and breastfeeding
250    ^aพิมพ์ครั้งที่ 1.
260    ^aกรุงเทพฯ :^bคณะพยาบาลศาสตร์ มหาวิทยาลัยศรีนครินทรวิโรฒ,^c2568.
300    ^axiii, 240 หน้า :^bภาพประกอบ
610    ^aการพยาบาลมารดา ทารกและการผดุงครรภ์.
650  4 ^aการดูแลภายหลังคลอด
653    คณะพยาบาลศาสตร์^aสาขาวิชาพยาบาลศาสตร์.
655  4 ^aHealth Sciences Branch.
710 2  ^aมหาวิทยาลัยศรีนครินทรวิโรฒ.^bคณะพยาบาลศาสตร์.
999    ^aparamin
รายการนี้ยังไม่มีแท็ก
คุณยังไม่ได้ล็อกอิน คุณสามารถมีกิจกรรมร่วมกับเว็บไซต์ได้ แต่ต้องล็อกอินก่อน ::
  ล็อกอิน
ลำดับที่ ประเภท เลขเรียก สถานที่ สถานะ
1. หนังสือ
หนังสือ
WY157 น728ก 2568 c.1 
  
ห้องสมุดสาขาหลัก
►ระบบ NLM
On Shelf
*เพิ่งรับคืน
2. หนังสือ
หนังสือ
WY157 น728ก 2568 c.2 
  
ห้องสมุดสาขาหลัก
►ระบบ NLM
On Shelf
*เพิ่งรับคืน
3. หนังสือ
หนังสือ
WY157 น728ก 2568 c.3 
  
ห้องสมุดสาขาหลัก
►ระบบ NLM
On Shelf
*เพิ่งรับคืน
4. หนังสือ
หนังสือ
WY157 น728ก 2568 c.4 
  
ห้องสมุดสาขาหลัก
►ระบบ NLM
On Shelf
*เพิ่งรับคืน
5. หนังสือ
หนังสือ
WY157 น728ก 2568 c.5 
  
ห้องสมุดสาขาหลัก
►ระบบ NLM
On Shelf
*เพิ่งรับคืน
   [แสดง 5/5 รายการ]

BibComment


ยังไม่เคยถูกคอมเมนท์

คอมเมนท์ทรัพยากรรายการนี้
  คอมเมนท์: การพยาบาลมารดาใ..
Bib 13399123914

 
 
 

 Union Library Management : ULibM
Copyright 2026. All Rights Reserved.